Beyond deficiency : (Record no. 162771)

MARC details
000 -LEADER
fixed length control field 01426cam a22003378a 4500
008 - FIXED-LENGTH DATA ELEMENTS--GENERAL INFORMATION
fixed length control field
020 ## - INTERNATIONAL STANDARD BOOK NUMBER
International Standard Book Number 0897667492
020 ## - INTERNATIONAL STANDARD BOOK NUMBER
International Standard Book Number 0897667506 (pbk)
049 ## - LOCAL HOLDINGS (OCLC)
Holding library MAIN
090 ## - LOCALLY ASSIGNED LC-TYPE CALL NUMBER (OCLC); LOCAL CALL NUMBER (RLIN)
Classification number (OCLC) (R) ; Classification number, CALL (RLIN) (NR) Q11
Local cutter number (OCLC) ; Book number/undivided call number, CALL (RLIN) BEY
003 - CONTROL NUMBER IDENTIFIER
control field
005 - DATE AND TIME OF LATEST TRANSACTION
control field 20230123134245.0
040 ## - CATALOGING SOURCE
Transcribing agency NUST
245 00 - TITLE STATEMENT
Title Beyond deficiency :
Remainder of title new views on the function and health effects of vitamins /
Statement of responsibility, etc. edited by Howerde E. Sauberlich and Lawrence J. Machlin.
260 ## - PUBLICATION, DISTRIBUTION, ETC.
Place of publication, distribution, etc. New York :
Name of publisher, distributor, etc. New York Academy of Sciences,
Date of publication, distribution, etc. c1992.
300 ## - PHYSICAL DESCRIPTION
Extent 404 p. :
Other physical details ill. ;
Dimensions 24 cm.
440 #0 - SERIES STATEMENT/ADDED ENTRY--TITLE
Title Annals of the New York Academy of Sciences,
International Standard Serial Number 0077-8923 ;
Volume/sequential designation v.669.
500 ## - GENERAL NOTE
General note Includes index.
500 ## - GENERAL NOTE
General note "This volume is the result of a conference entitled 'Beyond deficiency: New views on the function and health effects of vitamins,' held in Arlington, Virginia on February 9-12, 1992, by the New York Academy of Sciences."--Galley.
504 ## - BIBLIOGRAPHY, ETC. NOTE
Bibliography, etc. note Includes bibliographical references.
650 #0 - SUBJECT ADDED ENTRY--TOPICAL TERM
Topical term or geographic name entry element Vitamins in human nutrition
General subdivision Congresses.
650 #0 - SUBJECT ADDED ENTRY--TOPICAL TERM
Topical term or geographic name entry element Vitamins
General subdivision Physiological effect
-- Congresses.
650 #0 - SUBJECT ADDED ENTRY--TOPICAL TERM
Topical term or geographic name entry element Vitamins
General subdivision Therapeutic use
-- Congresses.
650 #2 - SUBJECT ADDED ENTRY--TOPICAL TERM
Topical term or geographic name entry element Nutrition
General subdivision congresses.
650 #2 - SUBJECT ADDED ENTRY--TOPICAL TERM
Topical term or geographic name entry element Vitamins
General subdivision physiology
-- congresses.
650 #2 - SUBJECT ADDED ENTRY--TOPICAL TERM
Topical term or geographic name entry element Vitamins
General subdivision therapeutic use
-- congresses.
700 1# - ADDED ENTRY--PERSONAL NAME
Personal name Sauberlich, Howerde E.
700 1# - ADDED ENTRY--PERSONAL NAME
Personal name Machlin, Lawrence J.
907 ## - LOCAL DATA ELEMENT G, LDG (RLIN)
a .b10214471
b 20-04-12
c 14-09-06
942 ## - ADDED ENTRY ELEMENTS (KOHA)
Koha item type Ordinary Loan Books
Call number prefix Q11
Call number suffix BEY
Holdings
Date last seen Total Checkouts Full call number Barcode Cost, replacement price Price effective from Koha item type Lost status Source of classification or shelving scheme Damaged status Not for loan Collection Withdrawn status Home library Current library Shelving location Date acquired Cost, normal purchase price
01/23/2023   Q11 BEY 92004004186 80.00 01/23/2023 BOOKS   LCC     NFIC   MAIN MAIN GEN 01/23/2023 80.00